000 00598 a2200217 4500
001 122415
020 _a0590059637
040 _cEscola Canadense de Niteroi
090 _aH5 - OPP
100 _aOppenheim, Joanne
245 1 0 _aHave you seen bugs?
260 _aNew York
300 _a31 p.
_c5 x 0.5 x 10.75 inches (hardcover)
362 0 _a1997
520 _aDescribes in verse a variety of bugs and how they look, behave, and improve our lives.
650 4 _aChildren's Literature
650 4 _aBugs and Insects
650 4 _aNon-Fiction
650 4 _aAnimal Facts
942 _cBK
999 _c122415
_d122415